Flood risk perception and communication within risk management in different cultural contexts : a comparative case study between Wuhan, China, and Cologne, Germany, Vol. 1 /

Détails bibliographiques
Auteur principal: Shen, Xiaomeng
Collectivité auteur: Universität Bonn
Format: Livre
Langue:English
Publié: Bonn : UNU-EHS, 2010.
Collection:Graduate research series, Vol. 1
Sujets:
Classic Catalogue: View this record in Classic Catalogue
LEADER 01312nam a2200313 a 4500
001 00026218
003 BD-DhAAL
005 20151007020002.0
008 121105s2010 gw a b 000 0 eng d
020 |a 9783939923381 
020 |a 9783939923398 
040 |a BD-DhAAL  |c BD-DhAAL 
082 0 4 |a 363.3493068  |2 22 
999 |c 12944  |d 12944 
999 |c 12944 
100 1 |a Shen, Xiaomeng.   |9 5495 
245 1 0 |a Flood risk perception and communication within risk management in different cultural contexts :  |b a comparative case study between Wuhan, China, and Cologne, Germany,   |n Vol. 1 /  |c Xiaomeng Shen.In cooperation with Universität Bonn. 
260 |a Bonn :   |b UNU-EHS,  |c 2010. 
300 |a x, 175 p. :  |b ill. ;  |c 22 cm. 
362 1 |a Vol. 1 
490 1 |a Graduate research series, Vol. 1 
500 |a PHD Dissertations, publication series of UNU-EHS 
504 |a Includes bibliographical references (p.162-174). 
541 1 |e 00026218 
650 0 |a Risk Assesment  |9 5496 
710 2 |a Universität Bonn.  |9 5491 
852 4 |a Ayesha Abed Library   |j General Shelf. 
942 |2 ddc  |c BK  |0 1 
952 |0 0  |1 0  |2 ddc  |4 0  |6 363_349306800000000_SHE  |7 0  |9 21385  |a BRACUL  |b BRACUL  |c GEN  |d 2012-11-05  |e Professor Ainun Nishat (VC), BRAC University  |g 0.00  |l 4  |m 3  |o 363.3493068 SHE  |p 3010026218  |r 2016-01-31  |s 2015-10-06  |t 1  |w 2012-11-05  |y BK